00838nam a22002177a 4500003000900000008004100009020001800050040007100068082002200139100003600161245003600197260002500233300002800258505019100286650002400477650001700501650001500518650001800533650001400551710005500565AR-CdUCM190321b ||||| |||| 00| 0 spa d a9786120025987 aMUNICIPALIDAD PROVINCIAL DEL CUSCOcBIBLIOTECA MUNICIPAL DEL CUSCO a669.91 / O74bO74 aOrtiz Saravia, Eduardo Fabián aFisicoquimica metalúrgica I / aCusco :bR&W,c2017. a140 páginas ;c28 cm. aContenido: La Fisicoquimica el beneficio de los minerales y la Metalurgia -- Algunas definiciones importantes -- Dimensiones y unidades -- Los Gases -- Primera Ley de Termodinámica ... aMetalurgia física aIngeniería aMetalurgia aFisicoquimica aMinerales aUniversidad Nacional de San Antonio Abad del Cusco